000 00647cam a22002173a 4500
001 44053
003 PGUSA
005 20140828084013.0
008 131027s2013||||xxu|||||s|||||000 | eng d
040 _aPGUSA
_beng
042 _adc
100 1 _aBailhache, Clement
245 1 0 _aSermons :
_bSelected from the Papers of the Late Rev. Clement Bailhache
_h[electronic resource] /
_cClement Bailhache
260 _bProject Gutenberg,
_c2013
506 _aPublic domain in the USA.
516 _aElectronic text
700 1 _aBarnett, J. P.
830 0 _aProject Gutenberg
_v44053
856 4 0 _uhttp://www.gutenberg.org/ebooks/44053
942 _cEB
999 _c273304
_d273304